| 000 | 00922nam a2200229Ia 4500 | ||
|---|---|---|---|
| 003 | Ost | ||
| 005 | 20260507075541.0 | ||
| 008 | 260507s9999||||xx |||||||||||||| ||und|| | ||
| 020 | _a9789957323271 | ||
| 040 | _cfsecg | ||
| 041 | _aara | ||
| 082 | _a332.12 | ||
| 100 |
_aالخوالدة، محمود محمد سليم _eمؤلف |
||
| 245 | 0 |
_aالمصارف الاسلامية / _c محمود محمد سليم الخوالدة |
|
| 260 |
_aعمان: _bدار الحامد للنشر والتوزيع, _c2007 |
||
| 300 |
_a210 صفحة؛ _bإيضاحات ؛ _c24 سم |
||
| 504 | _aالمراجع ص.203 (اقتناءات 2014 ) | ||
| 520 | _aيضم المتأخرات المصرفية ،الشيكات المرتجعة ،النقود ،تغيير قيمة النقود ،الربح ،الأوراق التجارية | ||
| 653 | _aالبنوك | ||
| 653 | _aالبنوك الإسلامية | ||
| 942 | _cكتاب | ||
| 999 |
_c44867 _d44867 |
||